Online
Catalog

El Reino de Dios y America Latina / (Record no. 14836)

MARC details
000 -CABECERA
campo de control de longitud fija 00788cam a2200217 i 4500
001 - NÚMERO DE CONTROL
campo de control 000015270
005 - FECHA Y HORA DE LA ÚLTIMA TRANSACCIÓN
campo de control 20200929164010.0
008 - DATOS DE LONGITUD FIJA--INFORMACIÓN GENERAL
campo de control de longitud fija 750814s1975 txu 100 0 spa
010 ## - NÚMERO DE CONTROL DE LA BIBLIOTECA DEL CONGRESO
Número de control de LC 75321271
040 ## - FUENTE DE LA CATALOGACIÓN
Centro catalogador/agencia de origen DO-SdBNP
Centro/agencia transcriptor DLC
Centro/agencia modificador DLC
050 00 - SIGNATURA TOPOGRÁFICA DE LA BIBLIOTECA DEL CONGRESO
Número de clasificación BT94
Número de documento/Ítem .R34
245 03 - MENCIÓN DE TÍTULO
Título El Reino de Dios y America Latina /
Mención de responsabilidad, etc. C. Rene Padilla, editor.
250 ## - MENCIÓN DE EDICIÓN
Mención de edición 1. ed.
260 ## - PUBLICACIÓN, DISTRIBUCIÓN, ETC.
Lugar de publicación, distribución, etc. [El Paso, Tex.] :
Nombre del editor, distribuidor, etc. Casa Bautista de Publicaciones,
Fecha de publicación, distribución, etc. 1975.
300 ## - DESCRIPCIÓN FÍSICA
Extensión 160 p. ;
Dimensiones 22 cm.
500 ## - NOTA GENERAL
Nota general Papers presented at the 2d meeting of the Fraternidad Teologica Latinoamericana, held in Lima, Peru, Dec. 11-18, 1972.
650 #0 - PUNTO DE ACCESO ADICIONAL DE MATERIA--TÉRMINO DE MATERIA
Término de materia o nombre geográfico como elemento de entrada Kingdom of god
Subdivisión general Congresses.
9 (RLIN) 34546
700 1# - PUNTO DE ACCESO ADICIONAL--NOMBRE DE PERSONA
Nombre de persona Padilla, C. Rene.
9 (RLIN) 34547
710 2# - PUNTO DE ACCESO ADICIONAL--NOMBRE DE ENTIDAD CORPORATIVA
Nombre de entidad corporativa o nombre de jurisdicción como elemento de entrada Fraternidad Teologica Latinoamericana.
9 (RLIN) 34548
910 ## - DATOS DE OPCIÓN DEL USUARIO (OCLC)
Datos de opción del usuario Catalogación por copia / LC
Holdings
Estado de retiro Estado de pérdida Restricciones de uso No para préstamo Código de colección Localización permanente Ubicación/localización actual Ubicación en estantería Fecha de adquisición Número de inventario Total de préstamos Signatura topográfica completa Código de barras Fecha visto por última vez Precio válido a partir de Tipo de ítem Koha
    Préstamo interno Préstamo restrigido Monografías: Libros y Folletos General General En encuadernación 03.02.2010 LF1   15270-10 25.06.2020 25.06.2020 Préstamo interno

Powered by Koha